000 01840nam0a22003371 4500
001 rc\4139869
005 20250611104552.0
021 _aRU
_b[56-7954ж]
035 _a(NLR Aleph) 008162314
090 _a7801857
_c7801857
100 _a20130415d1955 |||y0rusy50 ca
101 0 _arus
102 _aRU
105 _aa z |||||
200 1 _aОпыт крупнопанельного и крупноблочного строительства в Донбассе
210 _aКиев
_c[ВНИИОМПромжилстрой]
_d1955
215 _a24 с.
_cил.
_d22
225 1 _aМинистерство строительства предприятий угольной промышленности СССР. Всесоюзный научно-исследовательский институт организации и механизации промышленного и жилищного строительства ВНИИОМПромжилстрой. Отдел технической информации. Информационное письмо
_v30
300 _aНа обл. только загл. серии
300 _aНа 3-й с. сост.: инженеры Симкин А.Е., Александров С.А., Белостоцкий О.Б. и др.
606 _aЖилые здания, крупноблочные
_2psbo
606 _aЖилые здания, каркасно-панельные
_2psbo
702 1 _4220
_7ca
_8rus
_aАлександров
_bС. А.
_cспециалист по стр-ву
_gСергей Александрович
_9268586
_3RU\NLR\AUTH\770268642
702 1 _aСимкин
_bА.Е.
_4220
702 1 _aБелостоцкий
_bО.Б.
_4220
801 0 _aRU
_bNLR
_gpsbo
801 1 _aRU
_bELAR
_2rusmarc
852 _aNLR
_jП10/1331
942 _cBOOK
980 _aNB